Pays d'Europe à l'aveugle - Statistiques

Statistiques générales
  • Ce quiz a été pris 158 fois
  • Le résultat moyen est 39 sur 44
Statistiques - réponses
Pays % Correct
France
98%
Espagne
97%
Belgique
94%
Italie
94%
Portugal
94%
Allemagne
93%
Suède
93%
Irlande
92%
Luxembourg
92%
Pologne
92%
Royaume-Uni
91%
Russie
91%
Biélorussie
90%
Croatie
90%
Finlande
90%
Grèce
90%
Norvège
90%
Andorre
89%
Autriche
89%
Pays-Bas
89%
Suisse
89%
Monaco
88%
Roumanie
88%
Slovénie
88%
Estonie
87%
Islande
87%
Slovaquie
87%
Ukraine
87%
Albanie
86%
Hongrie
86%
Lettonie
86%
Lituanie
86%
Serbie
86%
Bosnie-Herzégovine
85%
Danemark
85%
Vatican
85%
Moldavie
84%
Tchéquie
83%
Liechtenstein
82%
Malte
82%
Saint-Marin
82%
Bulgarie
81%
Monténégro
81%
Macédoine du Nord
79%
Aucun quiz correspondant
Distribution des résultats
% des personnes avec chaque résultat
Percentile par nombre de réponses
Votre historique - résultats
Vous n’avez pas pris ce quiz